[Event "45th URS-ch"]
[Site "Leningrad URS"]
[Date "1977.11.29"]
[Round "1"]
[White "Petrosian, Tigran"]
[Black "Alburt, Lev"]
[Result "1-0"]
[WhiteElo "2645"]
[BlackElo "2505"]
[EventDate "1977.11.29"]
[PlyCount "73"]

1.d4 Nf6 2.c4 c5 3.d5 b5 4.Nf3 g6 5.cxb5 a6 6.e3 Bg7 7.Nc3 O-O 8.a4 axb5 (
8...e6 9.Ra3 Bb7 10.dxe6 fxe6 11.Qd6 Qc8 12.Be2 axb5 13.axb5 Ne8 14.Qd2 d5
) ( 8...Bb7 9.Ra3 e6 ) ( 8...d6 9.Ra3 Nbd7 10.e4 axb5 11.Bxb5 Ba6 12.Qe2 
Bxb5 13.Nxb5 Ne8 14.O-O Nc7 15.b3 ) 9.Bxb5 d6 10.O-O Na6 ( 10...Ba6 11.Bd2
Bxb5 12.axb5 ) ( 10...e6 11.e4 ) 11.Ra3 ( 11.e4 ) 11...Nc7 12.Nd2 ( 12.e4 
) 12...Nd7 ( 12...Nfxd5 13.Nxd5 Nxd5 14.Bc6 Be6 15.Bxa8 Qxa8 ) 13.Bxd7 
Bxd7 14.Nc4 Ra6 ( 14...Na6 15.e4 Nb4 16.Bd2 ) ( 14...Ra7 15.Nb6 ) 15.e4 
Qb8 16.Qc2 Qb4 17.Na2 Qb7 18.Bd2 Rfa8 ( 18...e6 19.dxe6 Bxe6 ) ( 18...f5 )
19.a5 Nb5 20.Rb3 Qc7 21.Bc3 Nd4 ( 21...Nxc3 22.Nxc3 Rb8 23.Rb6 ) 22.Bxd4 
Bxd4 23.Nc3 Rb8 ( 23...Bxc3 24.Qxc3 Ba4 25.Ra3 ( 25.Rb6 Rxa5 ) 25...Bb5 
26.Nb6 Bxf1 27.Nxa8 Rxa8 28.Kxf1 ) 24.Rb6 Raa8 ( 24...Rbxb6 25.axb6 Qb7 
26.Qb3 ) 25.Qb3 Qd8 26.Nb5 Bg7 27.Na7 Qe8 ( 27...Rxb6 28.axb6 Rb8 29.Nc6 )
28.Ra1 Bf8 29.Nc6 Rc8 30.a6 Rc7 ( 30...Bxc6 31.dxc6 Rxc6 32.a7 Rc7 33.Rb7 
) 31.Rb7 Rxc6 32.dxc6 Bxc6 33.a7 Bxe4 ( 33...Bxb7 34.Qxb7 ) 34.Rb8 Qd7 35.
Rxa8 Bxa8 36.Nb6 Qb7 37.Qf3 1-0

[Event "45th URS-ch"]
[Site "Leningrad URS"]
[Date "1977.11.30"]
[Round "2"]
[White "Romanishin, Oleg"]
[Black "Petrosian, Tigran"]
[Result "0-1"]
[WhiteElo "2595"]
[BlackElo "2645"]
[EventDate "1977.11.29"]
[PlyCount "80"]

1.Nf3 Nf6 2.c4 g6 3.b4 Bg7 4.Bb2 O-O 5.e3 d6 6.Be2 ( 6.d4 ) 6...e5 7.d3 b6
( 7...Nbd7 8.Nc3 Re8 9.Qc2 Nf8 10.a4 Bd7 11.a5 a6 12.O-O h5 13.Rfd1 N8h7 
14.e4 Bg4 15.Bc1 Nd7 16.Be3 Bxf3 17.Bxf3 Ng5 18.Be2 Ne6 ) 8.Nfd2 ( 8.Nc3 
Bb7 9.O-O Nbd7 10.Qc2 c5 ) 8...Bb7 9.Bf3 Qc8 10.Nc3 Nbd7 11.Bxb7 Qxb7 12.
Qf3 Qxf3 13.gxf3 ( 13.Nxf3 a5 14.b5 Nc5 15.Ke2 ) 13...Rfc8 14.Ke2 c6 15.
Rhc1 d5 16.Rab1 ( 16.b5 d4 17.Nce4 ( 17.bxc6 dxc3 18.cxd7 cxb2 19.dxc8=Q+ 
Rxc8 ) 17...Ne8 ) 16...d4 17.Nce4 a5 18.b5 c5 19.Nxf6+ Nxf6 20.Rg1 Re8 21.
Nf1 Nd7 22.e4 ( 22.Ng3 f5 ) 22...Nf8 23.Bc1 Ne6 24.Ng3 h5 25.Kd1 Kh7 26.
Ne2 Bh6 27.Kc2 Rg8 28.Rg2 Raf8 29.Bxh6 Kxh6 30.Re1 Rg7 31.h4 ( 31.Kd2 ) 
31...f5 32.exf5 ( 32.Reg1 fxe4 ( 32...g5 33.Ng3 ) 33.fxe4 Rf3 34.Rh1 Rgf7 
35.Rhh2 Nf4 36.Nxf4 R7xf4 37.Kd2 Rg4 38.Ke2 Rff4 39.Rxg4 hxg4 ) 32...Rxf5 
33.f4 Rgf7 ( 33...Nxf4 34.Nxf4 exf4 35.Re6 ) ( 33...exf4 34.Ng1 ) 34.Reg1 
Nf8 35.fxe5 Rxf2 36.Kd2 R7f5 37.Rg5 ( 37.Rxf2 Rxf2 ) 37...Rxg5 38.hxg5+ ( 
38.Rxg5 Ne6 39.Rg1 Nf4 40.Re1 Kg7 ) 38...Kg7 39.Ke1 Rf5 40.Rf1 Ne6 ( 40...
Rxg5 41.Rf6 ) ( 40...Ne6 41.Rxf5 gxf5 ) 0-1

[Event "45th URS-ch"]
[Site "Leningrad URS"]
[Date "1977.12.12"]
[Round "10"]
[White "Grigorian, Karen"]
[Black "Geller, Efim"]
[Result "0-1"]
[WhiteElo "2465"]
[BlackElo "2590"]
[EventDate "1977.11.29"]
[PlyCount "48"]

1.d4 d5 2.c4 e6 3.Nc3 Be7 4.Nf3 Nf6 5.Bg5 O-O 6.e3 h6 7.Bh4 b6 8.Qb3 Bb7 
9.Bxf6 Bxf6 10.cxd5 exd5 11.Rd1 Re8 12.Bd3 Nc6 13.O-O Na5 14.Qc2 c5 15.
dxc5 bxc5 16.Na4 c4 17.Be2 Rb8 18.Nd4 ( 18.Rd2 Qe7 19.Rfd1 Red8 ) ( 18.Nc3
Qb6 19.Nxd5 Bxd5 20.Rxd5 Qxb2 21.Qxb2 Rxb2 22.Rxa5 Rxe2 ) 18...Nc6 19.Nxc6
Bxc6 20.Bxc4 Qa5 21.Bb3 Bxa4 22.Bxa4 Rec8 23.Bc6 ( 23.b4 Qa6 24.Qb3 Rc3 
25.b5 Qa5 ) 23...Qa6 24.Rc1 Bxb2 0-1

[Event "45th URS-ch"]
[Site "Leningrad URS"]
[Date "1977.12.16"]
[Round "12"]
[White "Dorfman, Iosif"]
[Black "Romanishin, Oleg"]
[Result "1-0"]
[WhiteElo "2455"]
[BlackElo "2595"]
[EventDate "1977.11.29"]
[PlyCount "109"]

1.e4 e5 2.Nf3 Nc6 3.Bb5 a6 4.Ba4 Nf6 5.O-O Be7 6.Re1 b5 7.Bb3 d6 8.c3 O-O 
9.h3 Nb8 10.d4 Nbd7 11.Nbd2 Bb7 12.Bc2 Re8 13.b3 Bf8 14.a4 g6 15.d5 c6 16.
c4 Qc7 ( 16...b4 ) 17.Ba3 Rec8 18.Bd3 cxd5 19.cxd5 Qb6 20.g3 Nh5 21.Kg2 
Nc5 22.Bc2 Bg7 23.a5 Qd8 24.b4 Nd7 25.Bd3 Qf8 26.Kg1 Bh6 27.Qe2 Ng7 28.h4 
f5 29.Ng5 Nf6 30.Rad1 fxe4 31.Ndxe4 Nxe4 32.Nxe4 Nf5 33.Bb2 Rc7 34.f4 Bg7 
35.fxe5 Bxe5 36.Bxe5 dxe5 37.d6 Nd4 38.Qa2+ Qf7 39.Qxf7+ Rxf7 40.Rf1 Rxf1+
41.Rxf1 Bxe4 42.Bxe4 Ra7 43.g4 Kg7 44.g5 Rf7 45.Rf2 Nf5 46.Bxf5 gxf5 47.
Rc2 Kg6 48.Rc6 Rd7 49.Rxa6 Kh5 50.Rb6 Kxh4 51.Kf2 Kxg5 52.a6 Ra7 53.d7 
Rxd7 54.Rxb5 Kf4 55.Ra5 1-0

[Event "45th URS-ch"]
[Site "Leningrad URS"]
[Date "1977.12.18"]
[Round "13"]
[White "Gulko, Boris"]
[Black "Bagirov, Vladimir"]
[Result "1/2-1/2"]
[WhiteElo "2585"]
[BlackElo "2480"]
[EventDate "1977.11.29"]
[PlyCount "35"]

1.d4 Nf6 2.c4 e6 3.Nc3 d5 4.Bg5 c6 5.e3 Nbd7 6.cxd5 exd5 7.Bd3 Be7 8.Qc2 
O-O 9.Nf3 Re8 10.O-O Nf8 11.Rae1 Ne4 12.Bf4 Bf5 13.h3 Bd6 ( 13...Nxc3 14.
bxc3 Bxd3 15.Qxd3 Ne6 16.Bg3 c5 ) 14.Bxd6 Qxd6 15.Nh4 Bd7 16.Nf3 Bf5 17.
Nh4 Bd7 18.Nf3 1/2-1/2